000 00799nam a2200241Ia 4500
003 OSt
005 20220927105552.0
006 a|||||r|||| 00| 0
007 ta
008 220926b |||||||| |||| 00| 0 eng d
024 _a184331
037 _cReference Collections
040 _aRTL
_cRTL
_beng
041 _2eng
_aeng
082 _a"X:54.7361.N70, L"
110 _aUNITED STATES
_9373403
245 0 _aHearings before the subcommittee on low income families of the joint committee on the economic report congress of the United States
_b 84th session.
260 _aWashington
_bGovt Printing Office
_c1955
300 _a757p.
_ccm.
700 _aUNITED STATES
_9373404
942 _h"X:54.7361.N70, L"
_cCC
999 _c693168
_d693168